Missing Word: 'B' History Figures Quiz Stats

 Plays Quiz Updated Feb 2, 2015

Challenge
Share
Tweet
Embed
Score 0/30 Timer 04:00
5 Plays Today
Hint Answer % Correct
____ Franklin - US founding fatherBenjamin
98.8%
Ludwig van ____ - composerBeethoven
93.1%
Johann Sebastian ____ - composerBach
92.9%
Napoleon ____ - French emperorBonaparte
89.7%
____ T. Washington - educator and authorBooker
87%
____ Mussolini - Italian dictatorBenito
82.2%
Charlotte ____ - 19th century authorBrontë
76.7%
Simón ____ - Latin American independence leaderBolívar
71.7%
Otto von ____ - German ChancellorBismarck
71.7%
W.E.B. Du ____ - civil rights activist and authorBois
65.1%
Elizabeth ____ Browning - poetBarrett
63.7%
Robert the ____ - King of ScotsBruce
54.3%
____ Godunov - Russian tsarBoris
46.7%
Leonid ____ - Soviet leaderBrezhnev
46%
Lucrezia ____ - Renaissance noblewomanBorgia
43.5%
Hint Answer % Correct
Gautama ____ - religion founderBuddha
42.2%
____ Pascal - scientist and philosopherBlaise
41.5%
Wernher von ____ - aerospace engineerBraun
37.4%
Bertolt ____ - playwrightBrecht
35.6%
David ____ - Prime Minister of IsraelBen-Gurion
34.9%
Honoré de ____ - authorBalzac
34.2%
Tycho ____ - Danish astronomerBrahe
33%
Simone de ____ - philosopherBeauvoir
27.6%
Percy ____ Shelley - poetBysshe
25.4%
Sandro ____ - Renaissance painterBotticelli
24.5%
Jorge Luis ____ - authorBorges
18.6%
Vasco Núñez de ____ - conquistadorBalboa
18.4%
____ O'Higgins - Chilean independence leaderBernardo
14.3%
____ Spinoza - philosopherBaruch
14.2%
Lin ____ - Chinese Communist military leaderBiao
4.2%

Today's Daily Dose

You're not logged in!

Compare scores with friends on all Sporcle quizzes.
OR
Log In

You Might Also Like...

Show Comments

Extras

Top Quizzes Today


Score Distribution

Your Account Isn't Verified!

In order to create a playlist on Sporcle, you need to verify the email address you used during registration. Go to your Sporcle Settings to finish the process.

Report this User

Report this user for behavior that violates our Community Guidelines.

Details: